Бухгалтерский учет производства. Лекция 2: Учет основных средств (Запись № 13597482)

Подробности
000 -МАРКЕР
контрольное поле 01019nam2a2200229 4500
001 - ИДЕНТИФИКАТОР ЗАПИСИ
контрольное поле rc\2932212
005 - ИДЕНТИФИКАТОР ВЕРСИИ
контрольное поле 20260315055227.0
035 ## - ДРУГИЕ СИСТЕМНЫЕ НОМЕРА
Идентификатор записи (NLR Aleph) 007081538
100 ## - ДАННЫЕ ОБЩЕЙ ОБРАБОТКИ
Данные общей обработки 20110819d1934 u y0rusy50 ca
101 0# - ЯЗЫК РЕСУРСА
Язык текста, звукозаписи и т.д. русский
102 ## - СТРАНА ПУБЛИКАЦИИ ИЛИ ПРОИЗВОДСТВА
Страна публикации Российская Федерация
105 ## - ПОЛЕ КОДИРОВАННЫХ ДАННЫХ: ТЕКСТОВЫЕ МАТЕРИАЛЫ, МОНОГРАФИЧЕСКИЕ
Кодированные данные о монографическом текстовом документе y z |||||
200 1# - ЗАГЛАВИЕ И СВЕДЕНИЯ ОБ ОТВЕТСТВЕННОСТИ
Основное заглавие Учет основных средств
210 ## - ПУБЛИКАЦИЯ, РАСПРОСТРАНЕНИЕ И ДР.
Дата издания, распространения и т.д. 1934
215 ## - ФИЗИЧЕСКАЯ ХАРАКТЕРИСТИКА
Специфическое обозначение материала и объем Обл., 25 с.
461 #0 - УРОВЕНЬ НАБОРА
Встроенное поле 001rc\2932211
-- 2001#$aБухгалтерский учет производства$e(В конспективном изложении) ...$fЗайцев И.Г.$gВорон. облбюро О-ва соц. учета$vЛекция 2
-- 700#1$aЗайцев$bИ.Г.
Системный номер (АБИС) связанной записи 6482157
Автор Зайцев, И.Г.
Место публикации Воронеж
Дата публикации 1934
Первые сведения об ответственности Зайцев И.Г.
Имя издателя, распространителя и т.д. Б. и.
Сведения, относящиеся к заглавию (В конспективном изложении) ...
Заглавие Бухгалтерский учет производства
Номер тома Лекция 2
801 #0 - ИСТОЧНИК ЗАПИСИ
Страна Российская Федерация
Организация NLR
Правила каталогизации psbo
801 #1 - ИСТОЧНИК ЗАПИСИ
Страна Российская Федерация
Организация ELAR
Источник данных rusmarc
852 ## - МЕСТОНАХОЖДЕНИЕ И ШИФР ХРАНЕНИЯ
Идентификатор организации NLR
Шифр хранения (Call Number) 34-17/433(2)
942 ## - ДОПОЛНИТЕЛЬНЫЕ ЭЛЕМЕНТЫ ЗАПИСИ (АБИС)
Тип экземпляра АБИС Неопределено
980 ## - КОЛЛЕКЦИЯ
Название коллекции Национальная библиография

Нет доступных экземпляров.